000
00257nam a22001217a 4500
008
190223b xxu||||| |||| 00| 0 eng d
041
_a
eng
080
_a
510
100
_a
36
101
_a
MAT
245
_a
College Algebra
_c
Rockswold, G
942
_2
udc
_c
BK
999
_c
54142
_d
54142